Statistics for Disney characters beginning with the letter A

Click here to take the quiz!

General Stats

  • This quiz has been taken 66 times
  • The average score is 8 of 47

Answer Stats

Answer% Correct
Aladdin
75%
Anna
75%
Ariel
73%
Aurora
67%
Alice
57%
Abu
53%
Arthur
29%
Aquata
27%
Alana
25%
Adella
24%
Arista
18%
Archimedes
16%
Attina
16%
Andrina
14%
Abby Mallard
10%
Akela
10%
Aladar
10%
Alameda Slim
10%
Alcmene
10%
Amos Slade
10%
Abigail Gabble
8%
Alan-a-dale
8%
Aunt Sarah
8%
Abis Mal
6%
Adorabeezle Winterpop
6%
Agent Wendy Pleakley
6%
Ajax the gorilla
6%
Al the alligator
6%
Amelia Gabble
6%
Anastasia Tremaine
6%
Angel
6%
Anita Radcliffe
6%
Annette
6%
Apollo
6%
Armoire
6%
Atropos
6%
The agent
6%
Amphitryon
4%
Anda
4%
Angelique
4%
Angus MacBadger
4%
Atka
4%
Audrey Ramirez
4%
Axe
4%
Aunt Taqqiq
2%
April Duck
0%
Aunt Siqniq
0%

Score Distribution

Percentile by Number Answered

Percent of People with Each Score

Your Score History

You have not taken this quiz